Les 10 departement avec le plus d'immigrés - Statistiques

Statistiques générales
  • Ce quiz a été pris 102 fois
    19 depuis la dernière actualisation
  • Le résultat moyen est 7 sur 10
Statistiques - réponses
Pourcentage Département % Correct
20,6% Paris
94%
31,4% Seine Saint Denis
94%
22,6% Val de Marne
88%
13,1% Rhône
76%
14,7% Seine et Marne
76%
20,8% Val d'Oise
76%
17,8% Essonne
71%
15,5% Yvelines
71%
15,1% Alpes Maritimes
59%
19,5% Haut de Seine
12%
Aucun quiz correspondant
Distribution des résultats
% des personnes avec chaque résultat
Percentile par nombre de réponses
Votre historique - résultats
Vous n’avez pas pris ce quiz depuis la dernière actualisation